Реабилитация детей с туберкулезным спондилитом (Запись № 557837)

Подробности
000 -МАРКЕР
контрольное поле 01443nam0a2200289 4500
001 - ИДЕНТИФИКАТОР ЗАПИСИ
контрольное поле RU\NLR\bibl\403974
005 - ИДЕНТИФИКАТОР ВЕРСИИ
контрольное поле 20260407114149.0
035 ## - ДРУГИЕ СИСТЕМНЫЕ НОМЕРА
Идентификатор записи (NLR Aleph) 000398109
100 ## - ДАННЫЕ ОБЩЕЙ ОБРАБОТКИ
Данные общей обработки 20030530d2000 |||y0rusy50 ca
101 0# - ЯЗЫК РЕСУРСА
Язык текста, звукозаписи и т.д. русский
102 ## - СТРАНА ПУБЛИКАЦИИ ИЛИ ПРОИЗВОДСТВА
Страна публикации Российская Федерация
105 ## - ПОЛЕ КОДИРОВАННЫХ ДАННЫХ: ТЕКСТОВЫЕ МАТЕРИАЛЫ, МОНОГРАФИЧЕСКИЕ
Кодированные данные о монографическом текстовом документе a |||||||||
200 1# - ЗАГЛАВИЕ И СВЕДЕНИЯ ОБ ОТВЕТСТВЕННОСТИ
Основное заглавие Реабилитация детей с туберкулезным спондилитом
Сведения, относящиеся к заглавию Пособие для врачей
Первые сведения об ответственности М-во здравоохранения Рос. Федерации, С.-Петерб. НИИ фтизиопульмонологии
Последующие сведения об ответственности [Сост. к.м.н. Мушкиным А.Ю. и др.]
210 ## - ПУБЛИКАЦИЯ, РАСПРОСТРАНЕНИЕ И ДР.
Место издания, распространения и т.д. СПб.
Имя издателя, распространителя и т. д. Б.и.
Дата издания, распространения и т.д. 2000
215 ## - ФИЗИЧЕСКАЯ ХАРАКТЕРИСТИКА
Специфическое обозначение материала и объем 27 с.
Другие сведения о физической характеристике ил.
Размеры 20
320 ## - ПРИМЕЧАНИЯ О НАЛИЧИИ В ДОКУМЕНТЕ БИБЛИОГРАФИИ / УКАЗАТЕЛЯ
Текст примечания Библиогр.: с. 27 (3 назв.)
606 0# - НАИМЕНОВАНИЕ ТЕМЫ КАК ПРЕДМЕТ
Наименование темы Туберкулезный спондилит у детей
Формальный подзаголовок Методические пособия
Тематический подзаголовок Реабилитация
Системный номер авторитетной/нормативной записи 2292157
Идентификатор авторитетной/нормативной записи RU\NLR\auth\661372716
606 0# - НАИМЕНОВАНИЕ ТЕМЫ КАК ПРЕДМЕТ
Наименование темы Туберкулезный спондилит детей
Формальный подзаголовок Методические пособия
Тематический подзаголовок Реабилитация
Системный номер авторитетной/нормативной записи 2292235
Идентификатор авторитетной/нормативной записи RU\NLR\auth\661372755
686 ## - ИНДЕКСЫ ДРУГИХ КЛАССИФИКАЦИЙ
Индекс Р733.543.418.15-5я8
702 #1 - ИМЯ ЛИЦА - ВТОРИЧНАЯ ОТВЕТСТВЕННОСТЬ
Начальный элемент ввода Мушкин
Часть имени, кроме начального элемента ввода А. Ю.
Код отношения Составитель
712 02 - НАИМЕНОВАНИЕ ОРГАНИЗАЦИИ - ВТОРИЧНАЯ ОТВЕТСТВЕННОСТЬ
Код отношения Прочие
Начальный элемент ввода Санкт-Петербургский НИИ фтизиопульмонологии
Идентификатор авторитетной/нормативной записи RU\NLR\AUTH\889946450
Системный номер авторитетной/нормативной записи 388481
801 #0 - ИСТОЧНИК ЗАПИСИ
Страна Российская Федерация
Организация NLR
Дата составления 20030530
Правила каталогизации PSBO
801 #1 - ИСТОЧНИК ЗАПИСИ
Страна Российская Федерация
Организация NLR
Дата составления 20030530
942 ## - ДОПОЛНИТЕЛЬНЫЕ ЭЛЕМЕНТЫ ЗАПИСИ (АБИС)
Тип экземпляра АБИС Книга
980 ## - КОЛЛЕКЦИЯ
Название коллекции Национальная библиография
Экземпляры
Тип экземпляра Дата поступления Источник поступления Библиотека постоянного хранения Библиотека текущего хранения Место хранения Шифр хранения Штрих-код Статус экземпляра
Книга 30.05.2003 Контрольный экземпляр из типографии РНБ (Московский) РНБ (Московский) Русский книжный фонд: издания с 1957 года 2003-4/9402 1-1596817  
Книга 17.06.2003 Контрольный экземпляр из типографии РНБ (Московский) РНБ (Московский) Русский книжный фонд: издания с 1957 года 2003-4/9402 499731